• 首页
  • 本馆介绍
  • 公告通知
  • 最新文献
  • 馆藏检索
  • 电子资源
  • 读者导购
  • 参考咨询
  • 我的图书馆
  • 登录
  • 详细信息显示
  • 放入我的书架
  • 预约/预借图书
  • 作者相关作品
  • 分类相关作品
  • 丛书相关作品
  • 出版社相关作品

书目信息

  • 表格格式
  • 工作单格式
  • 卡片格式
题名:
上海手语音系
    
 
作者: 张吉生 主编 ;杨峰 , 伍艳红 撰著
分册:  
出版信息: 上海   华东师范大学出版社  2019.03
页数: 393页
开本: 24cm
丛书名:
单 册:
中图分类: H126.3
科图分类:
主题词: 手势语--shou shi yu--语音系统--上海
电子资源:
ISBN: 978-7-5675-8624-6
000 01274nam0 2200277 450
001 0105143320
005 20201105143350.0
010    @a978-7-5675-8624-6@dCNY87.00
100    @a20190612d2019 em y0chiy50 ea
101 0  @achi
102    @aCN@b310000
105    @aa z 000yy
106    @ar
200 1  @a上海手语音系@Ashang hai shou yu yin xi@f张吉生主编@g张吉生[等]撰著
210    @a上海@c华东师范大学出版社@d2019.03
215    @a393页@c图@d24cm
300    @a上海文化发展基金会图书出版专项基金项目华东师范大学新世纪学术著作出版基金资助出版
304    @a撰著者还有:杨峰、伍艳红、顾竹韵
330    @a本书阐述了上海手语中具有音系区别意义的手势位置、手的掌向和手的运动,确定这些位置、学向和运动的音系特征赋值及构成手势时的相互关系与音系结构;论述了手语音节的理据与特点,阐述了上海手语的音节结构、音节类型及音节与手势的关系;分析了上海手语语流中的音系变化及其规则,包括手语语流中的同化、异化、插入、省略等音系规则;阐述了上海手语的韵律结构,分析说明了上海手语不同韵律层级的结构单位与韵律层级标记。
606 0  @a手势语@Ashou shi yu@x语音系统@y上海
690    @aH126.3@v5
701  0 @a张吉生@Azhang ji sheng@4主编@4撰著
702  0 @a杨峰@Ayang feng@4撰著
702  0 @a伍艳红@Awu yan hong@4撰著
801  0 @aCN@bBJSZM@c20201105
905    @b1262542-5@dH126.3@e69@f4
    
    上海手语音系/张吉生主编/张吉生[等]撰著.-上海:华东师范大学出版社,2019.03
    393页:图;24cm
    上海文化发展基金会图书出版专项基金项目华东师范大学新世纪学术著作出版基金资助出版
    
    ISBN 978-7-5675-8624-6:CNY87.00
    本书阐述了上海手语中具有音系区别意义的手势位置、手的掌向和手的运动,确定这些位置、学向和运动的音系特征赋值及构成手势时的相互关系与音系结构;论述了手语音节的理据与特点,阐述了上海手语的音节结构、音节类型及音节与手势的关系;分析了上海手语语流中的音系变化及其规则,包括手语语流中的同化、异化、插入、省略等音系规则;阐述了上海手语的韵律结构,分析说明了上海手语不同韵律层级的结构单位与韵律层级标记。
●
相关链接 在E读中查询图书 在五车中查询图书 在当当中查询图书 在豆瓣中查询图书


正题名:上海手语音系     索取号:H126.3/69         预约/预借

序号 登录号 条形码 馆藏地/架位号 状态 备注
1 1262542   212625426   第二样本阅览室/ [索取号:H126.3/69] 在馆    
2 1262543   212625435   教育系资料室/ [索取号:H126.3/69] 在馆    
3 1262544   212625444   教育系资料室/ [索取号:H126.3/69] 在馆    
4 1262545   212625453   第四借阅区/ [索取号:H126.3/69] 在馆    
唐山师范学院图书馆 欢迎您!
大连网信软件有限公司© 版权所有